000 00322nam a2200145Ia 4500
003 OSt
005 20231211073634.0
008 170524s9999 xx 000 0 und d
020 _a81-7992-239-1
040 _ciimt
100 _aNEALE
245 0 _a50 ESSENTIAL MANAGEMENT
260 _aTATA MC GRAW HILL
942 _2ddc
_c02
999 _c2023
_d2023